| 000 | 00954nam a22002897a 4500 | ||
|---|---|---|---|
| 999 |
_c6669 _d6669 |
||
| 003 | AR-CdUCM | ||
| 008 | 190319b ||||| |||| 00| 0 spa d | ||
| 020 | _a84-205-0395-9 | ||
| 020 | _a3-540-06253-X | ||
| 040 |
_aMUNICIPALIDAD PROVINCIAL DEL CUSCO _cBIBLIOTECA MUNICIPAL DEL CUSCO |
||
| 082 |
_a516 / _bK62 |
||
| 100 |
_aKlingenberg, W _918762 |
||
| 245 | _aCurso de Geometría diferencial / | ||
| 260 |
_aMadrid : _bAlhambra, _c1978. |
||
| 300 |
_a206 paginas ; _bgraficos, _c20cm. |
||
| 440 |
_aExedra Ciencia tecnica ingenieria _n121 _918763 |
||
| 500 | _aLibro mutilado | ||
| 505 | _aContenido: Calculo diferencial -- curvas -- curvas planas -- teoria local de superficies -- geometria... | ||
| 650 |
_aGeometria _918764 |
||
| 650 |
_aCalculo _918765 |
||
| 650 |
_aMatematicas _99398 |
||
| 650 |
_aDimensiones _94154 |
||
| 650 |
_aLibros de enseñanza _918766 |
||
| 700 |
_aYebra, Andres _918767 |
||
| 942 |
_2ddc _cLIBROS |
||
| 945 | _apjha | ||